[Event "Parachute-ch (Women) 30th"]
[Site "Dhaka"]
[Date "2009.03.03"]
[Round "8"]
[White "Rokshana, Titli"]
[Black "Khan, Nazrana"]
[Result "0-1"]
[WhiteElo "1498"]
[BlackElo "1983"]
[PlyCount "44"]
[EventDate "2009.02.22"]
[EventType "tourn"]
[EventRounds "11"]
[EventCountry "BAN"]
[SourceTitle "EXT 2024"]
[Source "ChessBase"]
[SourceDate "2023.10.10"]
[SourceVersion "1"]
[SourceVersionDate "2023.10.10"]
[SourceQuality "1"]

1. d4 d5 2. c4 c6 3. Nc3 Nf6 4. Nf3 e6 5. Bg5 h6 6. Bh4 dxc4 7. a4 g5 8. Bg3 Bb4 9. Be5 Nbd7 10. e3 b5 11. Qc2 Bb7 12. Be2 a6 13. Bxf6 Qxf6 14. 0-0-0 Nb6 15. e4 Qf4+ 16. Kb1 Bxc3 17. bxc3 Nxa4 18. Bxc4 Nxc3+ 19. Qxc3 bxc4 20. Rhe1 0-0 21. Qxc4 Rad8 22. Qc2 c5 0-1

[Event "Parachute-ch (Women) 30th"]
[Site "Dhaka"]
[Date "2009.02.27"]
[Round "6"]
[White "Rokshana, Titli"]
[Black "Hamid, Rani"]
[Result "0-1"]
[WhiteElo "1498"]
[BlackElo "2102"]
[PlyCount "76"]
[EventDate "2009.02.22"]
[EventType "tourn"]
[EventRounds "11"]
[EventCountry "BAN"]
[SourceTitle "EXT 2024"]
[Source "ChessBase"]
[SourceDate "2023.10.10"]
[SourceVersion "1"]
[SourceVersionDate "2023.10.10"]
[SourceQuality "1"]

1. d4 Nf6 2. c4 e6 3. Nc3 Bb4 4. Bg5 h6 5. Bh4 0-0 6. Nf3 c5 7. e3 g5 8. Bg3 Ne4 9. Qc2 Qa5 10. Rc1 d5 11. Bd3 cxd4 12. Nxd4 f5 13. cxd5 exd5 14. f3 Nxc3 15. bxc3 Ba3 16. Rb1 Nc6 17. Nxf5 Bxf5 18. Bxf5 Rae8 19. Bd7 Re7 20. Rxb7 Rf6 21. Bxc6 Rxc6 22. Rxe7 Bxe7 23. Be5 Ra6 24. Kd2 Qxa2 25. Rb1 Qc4 26. Ke1 Bf8 27. Qb3 Qd3 28. Bd4 Ra5 29. e4 g4 30. exd5 Ra3 31. Qd1 Qf5 32. fxg4 Qe4+ 33. Kf1 Ra2 34. Bf2 Bc5 35. Rb8+ Kf7 36. Rb7+ Kg6 37. Rg7+ Kxg7 38. Bd4+ Kg6 0-1

[Event "Parachute-ch (Women) 30th"]
[Site "Dhaka"]
[Date "2009.02.22"]
[Round "1"]
[White "Rokshana, Titli"]
[Black "Sultana, Sharmin Shirin"]
[Result "0-1"]
[WhiteElo "1498"]
[BlackElo "1962"]
[PlyCount "64"]
[EventDate "2009.02.22"]
[EventType "tourn"]
[EventRounds "11"]
[EventCountry "BAN"]
[SourceTitle "EXT 2024"]
[Source "ChessBase"]
[SourceDate "2023.10.10"]
[SourceVersion "1"]
[SourceVersionDate "2023.10.10"]
[SourceQuality "1"]

1. d4 d5 2. c4 c6 3. Nc3 Nf6 4. Nf3 dxc4 5. a4 Bf5 6. e3 e6 7. Bxc4 Bb4 8. 0-0 0-0 9. Qe2 Bg6 10. Ne5 Nbd7 11. Nxg6 hxg6 12. Bd2 Qe7 13. e4 e5 14. d5 Rad8 15. dxc6 bxc6 16. Rad1 Nc5 17. b3 a5 18. f3 Ne6 19. Nb1 Nd4 20. Qf2 Nd7 21. Nc3 Nb6 22. Ne2 Nxc4 23. Bxb4 Qxb4 24. Nxd4 Rxd4 25. bxc4 Qxc4 26. Ra1 Rfd8 27. Rfc1 Qb3 28. h3 Rd2 29. Qf1 c5 30. Qc4 Qe3+ 31. Kh1 Rxg2 32. Kxg2 Rd2+ 0-1